000 01191nam a2200253 a 4500
001 000008457
005 20200929161338.0
008 751028s1979 sp 000 f spa d
040 _aDO-SdBNP
_cspa
_dBNPHU
082 _aA863.4
_bC827c, 1979
100 1 _aCortázar, Julio,
_d1914-1984
_910688
245 1 0 _aCeremonias /
_cJulio Cortázar.
250 _a7a ed.
260 _aBarcelona :
_bSeix Barral,
_c1979.
300 _a295 p. ;
_c20 cm.
490 1 _aNueva narrativa hispánica
505 0 _tFinal del juego:
_tI. Continuidad de los parques. -- No se culpe a nadie. -- El río. -- Los venenos. -- La puerta condenada. -- Las ménades. II. El ídolo de las cícladas. -- Una flor amarilla. -- Sobremesa. -- La banda. -- Los amigos. -- El móvi.l -- Torito. III. Relato con un fondo de agua. -- Después del almuerzo. -- Axolotl. -- La noche boca arriba. -- Final del juego.
505 0 _tLas armas secretas:
_tCartas de Mamá. -- Los buenos servicios. -- Las babas del diablo. -- El perseguidor. -- Las armas secretas.
650 4 _aNovela argentina
_93941
650 4 _aLiteratura argentina
_93860
830 0 _aNueva narrativa hispánica
_922001
910 _aWM
049 _aBNGR
999 _c8228
_d8228